| 000 | 01137nam a22002655a 4500 | ||
|---|---|---|---|
| 003 | OSt | ||
| 005 | 20201128024129.0 | ||
| 008 | 170208s2012 ua frb 000 0 ara d | ||
| 015 | _a2009 / 14673 | ||
| 020 | _a9789770461551 | ||
| 040 |
_aEG-ScBUE _bara _cEG-ScBUE |
||
| 082 | 0 | 4 |
_a345 _bو ث ا _222 |
| 245 | 0 | 2 |
_aالوثائق الدولية والإقليمية المعنية بالعدالة الجنائية / _cتجميع محمود شريف بسيوني، خالد محي الدين. |
| 250 | _aط. 3. | ||
| 260 |
_aالقاهرة : _bدار النهضة العربية، _c2012. |
||
| 300 |
_a2 مج. ؛ _c24 سم. |
||
| 504 | _aيشتمل على إرجاعات ببليوجرافية. | ||
| 505 | 2 | _aمج. 1. الوثائق الدولية والإقليمية -- مج. 2. الجرائم الدولية والتعاون الدولي. | |
| 650 | 7 |
_aالقانون الدولي الجنائي _vمصادر. _2BUEsh |
|
| 651 | _2BUEsh | ||
| 653 |
_bLLAAWW _cFebruary2017 _cMarch2017 |
||
| 700 | 1 |
_aبسيوني، محمود شريف، _eمجمع. |
|
| 700 | 1 |
_aمحي الدين، خالد، _eمجمع. _9472 |
|
| 942 | _2ddc | ||
| 999 |
_c24104 _d24076 |
||